01159nab a22002417a 4500999001500000003000400015005001700019008004100036040000700077100002700084245013500111260007300246300001300319500003800332505018700370505008200557650002300639650002400662650002700686650003600713773015500749942001300904 c5558d5558OSt20251218080850.0190429b xxu||||| |||| 00| 0 spa d cPJ 94810aBianchi, Luciano13aDeclaración del imputado y sus máculas : blo indelegable de la oficiosidad jurisdiccional y/o ministerial /cLuciano Bianchi. cCiudad Autónoma de Buenos Aires :aThomson Reuters La Ley, b2025. ap. 93-97 aCita: TR LALEY AR/DOC/395/2025  aSumario: I. Introducción.— II. La declaración del imputado: el acto de defensa material. De lo indelegable al personalismo jurisdiccional y/o ministerial.— III. Conclusiones. tSi te interesa el texto completo, solicitalo a koha@justierradelfuego.gov.ar  09343aDERECHO PENAL 092348aPROCESO PENAL 09586aDEFENSA EN JUICIO 092781aDECLARACIÓN INDAGATORIA0 0265893164tRevista de derecho penal y criminología. Nº 3 - Abril 2025dCiudad Autónoma de Buenos Aires : Thomson Reuters La Ley, 2017-x00347914 2udccANA